Представление документа в формате MARC21

Поле Инд. ПП Название Значение
Тип записи a
Библиографический уровень b
001 Контрольный номер 33427749f8d54d36a18ff7dfbfd7120d
005 Дата корректировки 20230908100631.2
084 a Индекс другой классификации/Индекс ББК 32.965
100 1_ a Автор Коковин В. А.
q Полное имя Коковин Валерий Аркадьевич
245 10 a Заглавие Интеллектуализация мехатронных модулей
504 a Библиография Библиогр.: с. 62
520 0_ a Аннотация Рассматриваются вопросы взаимодействия мехатронных устройств в режиме реального времени посредством событий и сообщений. Проанализирован подход при разработке распределенной системы управления мехатронными устройствами на основе стандарта IEC 61499. Дан анализ использования в промышленной автоматизации IoT, IoRT, рассмотрены преимущества и особенности использования данных сетевых компонентов. Дано понятие функционального сетевого компонента и предъявляемые к нему требования
650 04 a Основная рубрика автоматика
653 0_ a Ключевые слова интегральные схемы
a Ключевые слова мехатроника
a Ключевые слова мехатронные устройства
a Ключевые слова распределенные системы управления
a Ключевые слова системы управления
a Ключевые слова функциональный сетевой компонент
773 18 w Контрольный № источника DU/672761637
t Заглавие источника Вестник Международного университета природы, общества и человека "Дубна" : Серия "Естественные и инженерные науки"
d Дата издания источника 2020
g Прочая информация № 1 (46). - С. 56 - 62 : схем.
901 t Тип документа b